| 000 | 01078nam a22002057a 4500 | ||
|---|---|---|---|
| 003 | JO-AjAnu | ||
| 005 | 20250317092757.0 | ||
| 008 | 250315b jo ||||| |||| 00| 0 ara d | ||
| 040 |
_aJO-AjAnu _bara _cJO-AjAnu _dJO-AjAnu _erda |
||
| 041 |
_aara _hara |
||
| 050 |
_aK564 _b2025 |
||
| 100 | 1 |
_aالعمري، سوار اديب محمود _eمعد _966511 |
|
| 245 | 0 |
_aخضوع الجرائم الالكترونية للأحكام الخاصة بالشروع = Cybercrimes submissions to the special provisions relating to attempt / _cاعداد سوار اديب محمود العمري ؛ اشراف محمد علي بني مقداد |
|
| 260 | _c2025 | ||
| 300 | _a117 ورقة | ||
| 504 | _aرسالة جامعية ( رسالة ماجستير في القانون) - جامعة عجلون الوطنية، (عجلون، الاردن) - كلية الحقوق، قسم القانون، 2025. | ||
| 650 | 0 |
_aالجرائم الالكترونية - قوانين وتشريعات _966512 |
|
| 700 | 1 |
_aبني مقداد، محمد علي _eمشرف _966513 |
|
| 942 |
_2lcc _cTHS _n0 |
||
| 999 |
_c33898 _d33898 |
||